Ethernet Cables - Statistics

General Stats
  • This quiz has been taken 15 times
  • The average score is 10 of 20
Answer Stats
Hint Answer % Correct
Cat 5 (Max Cable Length) 100m
89%
Cat 5e (Max Data Rate) 1000 Mbps
78%
Cat 5e (Max Cable Length) 100m
78%
Cat 5 (Max Data Rate) 100 Mbps
78%
Cat 6a (Max Cable Length) 100m
56%
Cat 7 (Max Cable Length) 100m
56%
Cat 5 (Frequency) 100 MHz
56%
Cat 5e (Frequency) 100 MHz
44%
Cat 6 (Max Data Rate) 10 Gbps
44%
Cat 6 (Frequency) 250 MHz
44%
Cat 8 (Max Cable Length) 30m
44%
Cat 8 (Max Data Rate) 40 Gbps
44%
Cat 6 (Max Cable Length) 55m
44%
Cat 6a (Max Data Rate) 10 Gbps
33%
Cat 7 (Max Data Rate) 10 Gbps
33%
Cat 6a (Frequency) 500 MHz
33%
Cat 7 (Frequency) 600 MHz
33%
T568B WO, O, GW, B, BW, G, WBr, Br
33%
Cat 8 (Frequency) 2000 Mhz
22%
T568A WG, G, WO, B, BW, O, WBr, Br
22%
No matching quizzes found
Score Distribution
Percent of People with Each Score
Percentile by Number Answered
Your Score History
You have not taken this quiz